A reforma setecentista do cartório da Casa de Bragança : documentos apógrafos e originais do séc. XIII ao séc. XVIII /

Saved in:
Bibliographic Details
Main Author: Pestana, M. Inácio.
Corporate Author: Fundação da Casa de Bragança (Portugal)
Format: Book
Language:Portuguese
Published: Lisboa : Fundação da Casa de Bragança, 1985.
Subjects:
Tags: Add Tag
No Tags, Be the first to tag this record!
LEADER 01393cam a2200325 a 4500
001 007776113-8
005 20041210130053.0
008 860513s1985 po abf bc 001 0 por
010 |a  86158531  
035 0 |a ocm22200483 
040 |a DLC  |c DLC  |d OCLCQ 
043 |a e-po--- 
050 0 0 |a CD1898.B735  |b P47 1985 
082 0 0 |a 016.9469/2  |2 20 
100 1 |a Pestana, M. Inácio. 
245 1 2 |a A reforma setecentista do cartório da Casa de Bragança :  |b documentos apógrafos e originais do séc. XIII ao séc. XVIII /  |c Manuel Inácio Pestana. 
260 |a Lisboa :  |b Fundação da Casa de Bragança,  |c 1985. 
300 |a 398 p., [9] leaves of plates :  |b ill., maps ;  |c 24 cm. 
504 |a Includes bibliographical references (p. 343-344) and indexes. 
650 0 |a Archives  |z Portugal  |z Bragança  |v Catalogs. 
651 0 |a Bragança (Portugal)  |x History  |x Sources  |v Bibliography  |v Catalogs. 
600 3 0 |a Bragança, House of  |v Archives  |v Catalogs. 
600 3 0 |a Bragança, House of  |x History  |v Sources  |v Bibliography  |v Catalogs. 
655 7 |a Bibliography  |v Catalogs.  |2 fast 
655 7 |a Catalogs.  |2 fast 
655 7 |a History.  |2 fast 
710 2 |a Fundação da Casa de Bragança (Portugal) 
776 0 8 |i Online version:  |a Pestana, M. Inácio.  |t Reforma setecentista do cartório da Casa de Bragança.  |d Lisboa : Fundação da Casa de Bragança, 1985  |w (OCoLC)988259831 
988 |a 20020608 
906 |0 DLC